Gibt es eine transnationale bürgergesellschaft? /

保存先:
書誌詳細
第一著者: Leggewie, Claus
フォーマット: テキスト
タグ: タグ追加
タグなし, このレコードへの初めてのタグを付けませんか!

MARC

LEADER 00000 a a2200000 04500
001 47893
003
040
100 |a Leggewie, Claus  
245 |a Gibt es eine transnationale bürgergesellschaft? /  |c Claus Leggewie  
773 |g número2, (2001), páginas 154-164  
999 |c 38135  |d 38135